000 00944nam a22002297a 4500
999 _c8540
_d8540
003 AR-CdUCM
008 190325b ||||| |||| 00| 0 spa d
020 _a978-612-47165-1-5
040 _aMUNICIPALIDAD PROVINCIAL DEL CUSCO
_cBIBLIOTECA MUNICIPAL DEL CUSCO
082 _a985.9 /
_bSA19
100 _aSanchez, Luis Alberto
_91008
245 _aEl maestro Manuel Gonzáles Prada y el tradicionalista Ricardo Palma /
260 _aPerú :
_bLitho & arte,
_c2017.
300 _a226 paginas ;
_bIlustraciones,
_c20 cm.
505 _aContenido : Genio y figura de Manuel Gonzales Prada --Mariategui y Gonzales Prada desvaneciendo una mistificación póstuma -- Gonzales Prada escritor Político -- El estado y Gonzales Prada...
650 _aManuel Gonzales Prada
_92389
650 _aLuis Alberto Sanchez
_923916
650 _aRicardo Palma
_923917
710 _aBiblioteca Abraham Valdelomar
_923918
942 _2ddc
_cLIBROS
945 _awnts